000 00946nam a2200253 i 4500
001 bg
245 0 0 _aZintegrowany rozwój aglomeracji a konkurencyjność polskiej przestrzeni /
_cKazimierz Kuciński [et al.].
260 _aWarszawa :
_bKPZK,
_c2002.
300 _a213 s. :
_bmapy, wykr. ;
_c24 cm.
490 1 _aStudia / Polska Akademia Nauk. Komitet Przestrzennego Zagospodarowania Kraju,
_x0079-3507 ;
_vt. 111
504 _aBibliogr.
650 9 _aMetropolie (urban.)
_xplanowanie przestrzenne
_zPolska
_yod 1989 r.
650 9 _aUrbanizacja
_zPolska
_yod 1989 r.
650 9 _aGospodarka terenowa
_xzagadnienia
700 1 _aKUCIŃSKI, Kazimierz
830 0 _aStudia (Polska Akademia Nauk. Komitet Przestrzennego Zagospodarowania Kraju) ;
_vt. 111
020 _a8391572064
040 _cBPK
041 0 _apl
080 _a711.4/.8:332.1](438)
920 _a83-915720-6-4
942 _cKS
008 s pl f |000 0 pol
999 _c40728
_d40728
856 _uhttp://koha.tu.koszalin.pl/cgi-bin/koha/opac-detail.pl?biblionumber=40728
_yKatalog online BPK